<?xml version="1.0" encoding="UTF-8"?>
<record
    xmlns:xsi="http://www.w3.org/2001/XMLSchema-instance"
    xsi:schemaLocation="http://www.loc.gov/MARC21/slim http://www.loc.gov/standards/marcxml/schema/MARC21slim.xsd"
    xmlns="http://www.loc.gov/MARC21/slim">

  <leader>01179nam a2200157Ia 4500</leader>
  <controlfield tag="005">20250117103527.0</controlfield>
  <controlfield tag="008">250117s9999    xx            000 0 und d</controlfield>
  <datafield tag="020" ind1=" " ind2=" ">
    <subfield code="a">9781111342746</subfield>
  </datafield>
  <datafield tag="082" ind1=" " ind2=" ">
    <subfield code="a">352SHA</subfield>
  </datafield>
  <datafield tag="245" ind1=" " ind2="0">
    <subfield code="a">Classics of public administration</subfield>
  </datafield>
  <datafield tag="250" ind1=" " ind2=" ">
    <subfield code="a">7th ed.</subfield>
  </datafield>
  <datafield tag="300" ind1=" " ind2=" ">
    <subfield code="a">xii, 641 p. : ill. ; 23 cm.</subfield>
  </datafield>
  <datafield tag="500" ind1=" " ind2=" ">
    <subfield code="a">Includes bibliographic references.</subfield>
  </datafield>
  <datafield tag="520" ind1=" " ind2=" ">
    <subfield code="a">With this new seventh edition of CLASSICS OF PUBLIC ADMINISTRATION, authors Jay M. Shafritz and Albert C. Hyde aim to introduce students to the principles of public administration via the most significant scholarly writings on the topic. Straightforward and informative, this text begins its discussion with Woodrow Wilson and continues to today's political scientists. A new Section V, "Public Administration in a New Century," is dedicated to writing and thinking from the 21st century. This edition includes six new readings and addresses the key fields of public administration: bureaucracy, organization theory, human resources management, the budgetary process, public policy, implementation, evaluation, intergovernmental relations, and public service ethics.</subfield>
  </datafield>
  <datafield tag="650" ind1=" " ind2=" ">
    <subfield code="a">Public administration.</subfield>
  </datafield>
  <datafield tag="999" ind1=" " ind2=" ">
    <subfield code="c">1537</subfield>
    <subfield code="d">1537</subfield>
  </datafield>
  <datafield tag="952" ind1=" " ind2=" ">
    <subfield code="0">0</subfield>
    <subfield code="1">0</subfield>
    <subfield code="4">0</subfield>
    <subfield code="7">0</subfield>
    <subfield code="a">U001</subfield>
    <subfield code="b">U001</subfield>
    <subfield code="d">2025-01-17</subfield>
    <subfield code="l">0</subfield>
    <subfield code="o">352SHA</subfield>
    <subfield code="p">001552</subfield>
    <subfield code="r">2025-01-31 00:00:00</subfield>
    <subfield code="w">2025-01-17</subfield>
    <subfield code="y">BK</subfield>
  </datafield>
</record>
